[Event "Ljubljana-chT 72nd 1st League"]
[Site "Ljubljana"]
[Date "2019.01.24"]
[Round "3.1"]
[White "Perme, Metod"]
[Black "Marn, Jan"]
[Result "0-1"]
[WhiteElo "1316"]
[BlackElo "2200"]
[PlyCount "90"]
[EventDate "2019.01.10"]
[EventType "team-tourn"]
[EventRounds "9"]
[EventCountry "SLO"]
[SourceTitle "EXT 2024"]
[Source "ChessBase"]
[SourceDate "2023.10.10"]
[SourceVersion "1"]
[SourceVersionDate "2023.10.10"]
[SourceQuality "1"]
[WhiteTeam "Komenda Pogi"]
[BlackTeam "Menges Trzin II"]
[WhiteTeamCountry "SLO"]
[BlackTeamCountry "SLO"]

1. e4 d6 2. d4 Nf6 3. Nc3 g6 4. h3 Bg7 5. Be3 c6 6. Qd2 b5 7. a3 a6 8. g3 Bb7 9. Bg2 Nbd7 10. Nge2 0-0 11. 0-0 Qc7 12. Rfc1 c5 13. f3 e5 14. d5 Nb6 15. b3 Nh5 16. g4 Nf4 17. Rab1 Nxe2+ 18. Nxe2 a5 19. c4 bxc4 20. bxc4 Ba6 21. Qxa5 Rfb8 22. Nc3 Bxc4 23. Nb5 Bxb5 24. Qxb5 Nxd5 25. Qd3 Nxe3 26. Qxe3 Qa5 27. Rxb8+ Rxb8 28. Qd3 Bf8 29. Ra1 Rb2 30. a4 Rb4 31. Qc2 c4 32. Bf1 Bh6 33. Qa2 Qb6+ 34. Kh1 Rb2 35. Bxc4 Rxa2 36. Rxa2 Qb1+ 37. Kg2 Be3 38. Rf2 Qe1 39. Rf1 Qe2+ 40. Kg3 Bf4+ 41. Kh4 Qg2 42. Bxf7+ Kxf7 43. Rg1 Bg3+ 44. Kg5 Kg7 45. Rxg2 h6# 0-1

[Event "Ljubljana-chT 71st 1st League"]
[Site "Ljubljana"]
[Date "2018.01.25"]
[Round "3.1"]
[White "Perme, Metod"]
[Black "Leben, Dusan"]
[Result "0-1"]
[WhiteElo "1334"]
[BlackElo "1865"]
[PlyCount "94"]
[EventDate "2018.01.11"]
[EventType "team-tourn"]
[EventRounds "9"]
[EventCountry "SLO"]
[SourceTitle "EXT 2024"]
[Source "ChessBase"]
[SourceDate "2023.10.10"]
[SourceVersion "1"]
[SourceVersionDate "2023.10.10"]
[SourceQuality "1"]
[WhiteTeam "Komenda Suma"]
[BlackTeam "Dom-In Agencija Neprem"]
[WhiteTeamCountry "SLO"]
[BlackTeamCountry "SLO"]

1. e4 e5 2. Nf3 Nf6 3. Bc4 Nxe4 4. 0-0 d5 5. Bb3 Nc6 6. d3 Nc5 7. Nc3 Nxb3 8. axb3 Bb4 9. Ne2 0-0 10. c3 Bd6 11. Ng3 Ne7 12. d4 e4 13. Ne5 c6 14. f3 f6 15. Ng4 Bxg3 16. hxg3 Bxg4 17. fxg4 f5 18. g5 Ng6 19. c4 a6 20. Ra5 Qxa5 21. Bd2 Qc7 22. Be1 f4 23. Qg4 Qc8 24. Qh5 fxg3 25. Bxg3 Rxf1+ 26. Kxf1 Qf5+ 27. Bf2 e3 28. Qe2 Qxf2+ 29. Qxf2 exf2 30. Kxf2 Re8 31. Kg3 b5 32. cxb5 axb5 33. b4 Rf8 34. Kh2 Rf1 35. g4 Nf4 36. Kg3 Nd3 37. b3 Rf2 38. Kh4 Rg2 39. Kh3 Nf4+ 40. Kh4 Ne2 41. Kh3 Rg1 42. Kh2 Kf7 43. Kh3 Kg6 44. Kh2 Kxg5 45. Kh3 Kf4 46. Kh2 Kf3 47. Kh3 Rh1# 0-1